| 000 | 00978cad a22002055a 4500 | ||
|---|---|---|---|
| 001 | L149356 | ||
| 008 | 100224s2010 xxk f 000 0 eng d | ||
| 035 | _a(Sirsi) u149358 | ||
| 041 | 0 | _aeng | |
| 050 | 0 | 4 | _a331.2166 $2 18 |
| 245 | 0 | 0 |
_aTransparency in professional fees _bFinal report _h[electronic resource] |
| 260 |
_a[London] _bRICS _c[2010] |
||
| 520 | _aFinal report of the RICS Transparency Working Group (TWG) set up in April 2009 to look at the subject of transparency of professional fees in property transactions and services. Recommendations are also published separately [see L149415]. For up to date information on the Transparency Project is available at www.rics.org/transparency | ||
| 521 | _aAdvanced | ||
| 590 | _aKA | ||
| 651 | 4 |
_aUnited Kingdom _y |
|
| 690 | _aMANAGEMENT-BUSINESS MANAGEMENT-FEES | ||
| 856 | 4 | 0 |
_uhttps://www.rics.org/Global/Downloads/transparency-final-report.pdf _zView the Final report free of charge at www.rics.org |
| 942 | _n0 | ||
| 999 |
_c110471 _d110471 |
||